Le métro de Montréal - Statistiques

Statistiques générales
  • Ce quiz a été pris 1 014 fois
  • Le résultat moyen est 43 sur 73
Statistiques - réponses
Hint Réponse % Correct
Ligne orange Berri-Uqam
90%
Ligne verte Berri-Uqam
90%
Ligne jaune Berri-Uqam
90%
Ligne orange Jean-Talon
80%
Ligne bleue Jean-Talon
80%
Ligne orange Montmorency
79%
Ligne verte McGill
77%
Ligne orange Mont-Royal
77%
Ligne verte Place-des-Arts
77%
Ligne orange Sherbrooke
76%
Ligne orange Côte-Vertu
73%
Ligne verte Honoré-Beaugrand
72%
Ligne orange Lionel-Groulx
71%
Ligne verte Lionel-Groulx
71%
Ligne orange Snowdon
71%
Ligne bleue Snowdon
71%
Ligne verte Angrignon
70%
Ligne verte Peel
70%
Ligne verte Pie-IX
70%
Ligne bleue Université-de-Montréal
70%
Ligne orange Beaubien
67%
Ligne orange Henri-Bourassa
67%
Ligne orange Rosemont
67%
Ligne jaune Longueuil–Université-de-Sherbrooke
66%
Ligne orange Place-d’Armes
66%
Ligne orange Bonaventure
65%
Ligne orange Laurier
65%
Ligne verte Saint-Laurent
64%
Ligne bleue Saint-Michel
64%
Ligne verte Guy-Concordia
63%
Ligne orange Jarry
63%
Ligne jaune Jean-Drapeau
62%
Ligne verte Atwater
61%
Ligne orange Champ-de-Mars
61%
Ligne bleue Côte-des-Neiges
61%
Ligne verte Papineau
61%
Ligne orange Crémazie
60%
Ligne orange Square-Victoria
60%
Ligne verte Beaudry
59%
Ligne bleue Parc
59%
Ligne orange Lucien-L’Allier
58%
Ligne bleue Outremont
55%
Ligne orange Sauvé
55%
Ligne verte Verdun
55%
Ligne verte Viau
55%
Ligne orange Cartier
54%
Ligne orange Villa-Maria
54%
Ligne verte Joliette
53%
Ligne bleue Édouard-Montpetit
51%
Ligne orange Vendôme
51%
Ligne verte Radisson
50%
Ligne verte Cadillac
49%
Ligne orange De La Concorde
49%
Ligne verte Frontenac
49%
Ligne verte Préfontaine
48%
Ligne bleue Acadie
46%
Ligne orange De La Savane
46%
Ligne verte Monk
46%
Ligne orange Namur
46%
Ligne verte De L’Église
45%
Ligne orange Du Collège
45%
Ligne verte LaSalle
45%
Ligne bleue Fabre
44%
Ligne orange Place-Saint-Henri
44%
Ligne bleue De Castelnau
43%
Ligne verte Langelier
41%
Ligne orange Côte-Sainte-Catherine
40%
Ligne orange Georges-Vanier
40%
Ligne verte Jolicoeur
39%
Ligne orange Plamondon
39%
Ligne verte Charlevoix
37%
Ligne bleue D’Iberville
35%
Ligne verte L'Assomption
30%
Aucun quiz correspondant
Distribution des résultats
% des personnes avec chaque résultat
Percentile par nombre de réponses
Votre historique - résultats
Vous n’avez pas pris ce quiz